000 00404nam a22001697a 4500
999 _c10958
_d10958
003 OSt
008 210814b ||||| |||| 00| 0 eng d
020 _a9788170771132
082 _a294.5563
_bSAT
100 G _aUPADHYAYA, Ganga Prasad
245 _aLight of Truth
250 _a6th
260 _aDelhi
_bVijaykumar Govindram Hasanand
_c2021
300 _a980
650 _aReligious
942 _2ddc
_cBK